000 00661nam a22002417a 4500
003 UA-OsUOA
001 123844
007 ta
008 20170713b un ||||| |||| 00| 0 ukr d
100 _aКравчук А.
090 _a94(38)
_bК78
942 _cBK
040 _aUA-OsUOA
_brus
_cUA-OsUOA
_dUA-OsUOA
245 _aПерикл и Аспазия
_bисторико-художественная хроника
300 _a268 с.
955 _a2
041 _arus
080 _a94(38)
020 _a5-02-010002-1
260 _aМ.
_bНаука
_c1991
650 7 _a9 Географія. Біографії. Історія
_2UDC
999 _c411006
_d411006